000 00323nam a22001457a 4500
008 221208b ||||| |||| 00| 0 eng d
020 _a9780077602789
041 _aeng
080 _a330.722
082 _a330.722GAR
100 _a23.2
101 _aMENA
245 _aMANAGERIAL ACCOUNTING
_cGARRISON
942 _2udc
_cBK
999 _c59142
_d59142